000 02116cam a22004934i 4500
003 PE-LiUPU
005 20250731173428.0
008 150706s2012 bl a rb 000 0 por d
020 _a9788588611245
035 _a(Sirsi) i9788588611245
040 _aPE-LiUPU
_bspa
_cPE-LiUPU
_erda
049 _aPRUA
082 0 4 _a299.51
_bC22
_221
100 1 _aVieira, Ruy Carlos de Camargo,
_eautor.
245 1 0 _aA semana da criação :
_bexaminando o relato bíblico de um ponto de vista moderno /
_cRuy Carlos de Camargo Vieira.
264 1 _aBrasília :
_bSociedade Criacionista Brasileira,
_c2012.
300 _a157 páginas :
_bilustraciones ;
_c21 centímtros
336 _atext
_2rdacontent
337 _aunmediated
_2rdamedia
338 _avolume
_2rdacarrier
504 _aIncluye bibliografía.
505 0 _aIntrodução geral ao estudo do trimestre -- Deus, o criador -- Os Dois livros de Deus: a bíblia e a natureza -- Mas foi mesmo assim? -- Criação em seis días -- Uma criação recente -- Examinando a criação mais de perto -- Efeitos do pecado sobre a criação -- Havia morte antes do pecado? -- A criação e o dilúvio -- O arquiteto mestre -- A natureza e o poder de Deus -- O sábado e a redenção de Deus -- A terra feita nova.
526 _aSEG42
526 _aSEG41
526 _aSEG40
526 _aSEG39
526 _aP94
526 _aP87
526 _aP86
526 _aP85
526 _aP77
526 _aP76
526 _aP35
650 0 4 _aCreacionismo.
650 0 4 _aEvolucionismo.
650 0 4 _aReligión y ciencia.
910 _agl
_cng
_d20130424
942 _2ddc
_cBOOK
949 _a299.51 C22
_wDEWEY
_c1
_i67029
_lCCODEBUL1
_mBUL
_p18.00
_r0
_sY
_tBOOK
_u2015-7-6
_xBIBLIOTECA
_zUNKNOWN
_o.STAFF. Colección General
994 _aC0
_bPEPRU
596 _a1
999 _a299.51 C22
_wDEWEY
_c54735
_i67029
_f2021-11-11
_g5
_lCCODEBUL1
_mBUL
_p18.00
_r0
_sY
_tBOOK
_u2015-7-6
_xTEOLOGIA
_zUNKNOWN
_0COMPRA
_o.STAFF. Colección Teología
_d54735
980 _81
_gALBERTO SANCHEZ Responsable de Automatización